000 00510nam a22001937a 4500
999 _c7936
_d7936
003 BD-JhCC
005 20180215162526.0
008 180215b1981 bg ||||| |||| 00| 0 ben d
035 _a(BD-JhCC)
040 _aBD-JhCC
_dBD-JhCC
041 _aben
082 _a500
_b1981
100 _aরহমান, মিজানুর
245 _aপৃথিবীর ঠিকানা /
_cমিজানুর রহমান
300 _a200
_c22 cm.
650 _aEarth
942 _2ddc
_cBK